000 00899nam a22002657a 4500
001 2999
003 FISKH
005 20250507113243.0
008 240130b cb ||||| |||| 00| 0 eng d
020 _a9780590275637
040 _aFISKH
_beng
_cFISKH
_dFISKH
050 _a620.2
100 _aMarzollo, Jean
245 _aCity sounds /
_cby Mazollo, Jean : illustrated by Latto , Sophia
260 _aNew York :
_bScholastic ,
_c1976
300 _a16 pages :
_bcolor illustrations ;
_c20 cm .
505 _aF
520 _a"The sounds of the big city are brought to life in labeled pictures showing such sources as motorcycles, fire engines, pigeons, and police whistles." --
521 8 _a340
_bLexile
521 8 _aF
_bRAz-Plus
600 _2community helper
_vrealistic fiction
610 _2cities
_vfiction
700 _aLatto, Sophia
_eillustrator
942 _2ddc
_cBK
_n0
999 _c2999
_d2999